00818nam a2200229 a 450000100100000000500170001000800410002702000150006804000250008308200170010810000330012524000330015824501150019126000320030630000360033849000500037450000270042450400280045170000280047970000330050783000480054000004202620201002035907.0131107s1984 sp ac 000 0bspa d a843458154X aDO-SdBNPbspacBNPHU a928.1bH488B1 aBurgess, Anthony,d1917-199310aHemingway and his worldlspa10aHemingway /cAnthony Burgess ; prólogo, Josep M.a Castellet ; traducción del inglés, Mª. Isabel Merino. aBarcelona :bSalvat,c1984. a199 p. :bil., retrs. ;c20 cm.1 aBiblioteca Salvat de grandes biografiás;v9 aTraducido del inglés aBibliografía : p. 19912aMerino, Mª. Isabeletr12aCastellet, Josep Mª.eprol. 0aBiblioteca Salvat de grandes biografían9